00387nam a2200145Ia 4500008004100000040001900041041001200060082002300072100001900095245003400114260003000148300002000178650003300198850001000231131103s9999 xx 000 0 und d aLoreto College aEnglish a891.43/MISbLCLIB/ aMisra,Ramdahin aKabya BimarsacRamdahin Misra aPatnabGrantha Malac1951 a346 p. c 21 cm aHindi Literature - Criticism aLCLIB